000 00898nam a2200253Ia 4500
003 OSt
005 20221005113028.0
006 a|||||r|||| 00| 0
007 ta
008 221004b |||||||| |||| 00| 0 pan d
020 _c320
024 _a117408
037 _b634, 19/03/2012, H.K. Prakashan
_cTextual
040 _aCRL
_cCRL
_bpan
041 _2pan
_apan
082 _aO153,1L30:g(Y), P7
100 _aਨੁਗ਼ਹਤ, ਾਇਮਤਾ
245 0 _aਸੱਯਦ ਵਾਰਿਸ ਾਹ ਦਾ ਸਮਾਜ ਾਸਤਰੀ ਖ਼ਲਸਖ਼ਾ
260 _aਦਿੱਲੀ
_bਪੰਜਾਬੀ ਅਕਾਦਮੀ ਭਾਰਤ
_c2007
300 _a449ਪੰ
_ccm.
650 _aਪੰਜਾਬੀ ਸਾਹਿਤ
942 _hO153,1L30:g(Y), P7
_cTEXL
_2cc
999 _c1026818
_d1026818